00569nam a2200157Ia 4500008004100000020001500041050002200056100003400078245014000112250001700252260003300269300001800302490002000320650004000340700003100380120603s1990 mx 000 0 eng d a9682439027 aG155.A1bT67 19901 aTorre, Francisco de laeautor10aThrough the world of hotel businessb : a technical english course for students of tourismc / Francisco de la Torre y Rosa Elena Patan a2a edición3 aMéxicob : Trillasc, 1990 a139 páginas aTrillas Turismo 0aINGLÉS xTEXTOS DE CONVERSACIÓN aPatán, Rosa Elenaeautor